[Event "NATO-ch 32nd"]
[Site "Tartu"]
[Date "2022.06.28"]
[Round "3"]
[White "Nill, Oliver"]
[Black "Wendler, Edward"]
[Result "1-0"]
[WhiteElo "2166"]
[BlackElo "1839"]
[PlyCount "109"]
[EventDate "2022.06.27"]
[EventType "swiss"]
[EventRounds "7"]
[EventCountry "EST"]
[SourceTitle "CBM 209 Extra"]
[Source "ChessBase"]
[SourceDate "2022.09.30"]
[SourceVersion "1"]
[SourceVersionDate "2022.09.30"]
[SourceQuality "1"]

1. c4 e6 2. e4 d5 3. exd5 exd5 4. d4 Nf6 5. Nc3 Be6 6. Bg5 Be7 7. c5 0-0 8. Nf3 b6 9. cxb6 axb6 10. Be2 Ne4 11. Bxe7 Qxe7 12. 0-0 Nxc3 13. bxc3 Nd7 14. Re1 Ra3 15. Qc2 Qf6 16. Bd3 h6 17. Bb5 Rfa8 18. Qb2 Kh7 19. Re3 Bf5 20. Bxd7 Bxd7 21. Ne5 Bf5 22. Qd2 Be6 23. h3 c5 24. Rf3 Qe7 25. Re1 f6 26. Qd3+ Kg8 27. Ng6 Qd7 28. Rxe6 Qxe6 29. Re3 Qd6 30. Ne7+ Kf8 31. Qh7 Qxe7 32. Rxe7 Kxe7 33. Qxg7+ Ke6 34. Qb7 cxd4 35. Qxb6+ Kf7 36. cxd4 R8a7 37. Qc6 Rxa2 38. Qxd5+ Kg7 39. h4 R2a5 40. Qe4 Rf7 41. d5 Raa7 42. h5 f5 43. Qd4+ Kh7 44. d6 Rad7 45. Qe5 Ra7 46. Qe6 Ra1+ 47. Kh2 Raa7 48. Qg6+ Kh8 49. Qxh6+ Kg8 50. Qg6+ Kh8 51. h6 Rad7 52. g3 Ra7 53. Kg2 Rad7 54. h7 Rxh7 55. Qe8+ 1-0

[Event "NATO-ch 31st"]
[Site "Blankenberge"]
[Date "2021.10.12"]
[Round "2.12"]
[White "Michalski, Daniel"]
[Black "Nill, Oliver"]
[Result "1-0"]
[WhiteElo "1996"]
[BlackElo "2205"]
[PlyCount "108"]
[EventDate "2021.10.11"]
[EventType "team-swiss"]
[EventRounds "7"]
[EventCountry "BEL"]
[SourceTitle "CBM 204 Extra"]
[Source "ChessBase"]
[SourceDate "2021.11.30"]
[SourceVersion "1"]
[SourceVersionDate "2021.11.30"]
[SourceQuality "1"]
[WhiteTeam "NATO"]
[BlackTeam "Germany"]
[BlackTeamCountry "GER"]

1. d4 g6 2. c4 Bg7 3. Nc3 d6 4. e4 Nf6 5. Be2 0-0 6. f4 e5 7. fxe5 dxe5 8. d5 c6 9. Nf3 Bg4 10. Be3 Qa5 11. 0-0 b5 12. cxb5 cxb5 13. a3 b4 14. axb4 Qxb4 15. Qb1 Nbd7 16. Ra4 Qb7 17. Ba6 Qb8 18. h3 Bxf3 19. Rxf3 Nb6 20. Ra5 Nfd7 21. Bb5 Qc7 22. Qa2 Nb8 23. Bd3 Qb7 24. Rf1 Rd8 25. Ra1 Nc8 26. Na4 Bf8 27. Nc5 Bxc5 28. Bxc5 Nd7 29. b4 Ndb6 30. Ba6 Qc7 31. Bxc8 Nxc8 32. Ra6 Rd7 33. Qa5 Qxa5 34. R1xa5 Rb7 35. Kf2 Rab8 36. d6 Rd7 37. Rc6 Kf8 38. Rc7 Ke8 39. Bxa7 Nxa7 40. Raxa7 Rxd6 41. Rxf7 Ra6 42. Rxh7 Rxa7 43. Rh8+ Ke7 44. Rxb8 Ra3 45. Rb5 Kf6 46. Rb6+ Kg5 47. h4+ Kf4 48. Rxg6 Ra2+ 49. Kg1 Kxe4 50. h5 Kf5 51. b5 e4 52. Kf1 Rb2 53. b6 e3 54. Ke1 Ke4 1-0

[Event "NATO-ch 31st"]
[Site "Blankenberge"]
[Date "2021.10.12"]
[Round "3.16"]
[White "Nill, Oliver"]
[Black "Violini, Paolo"]
[Result "1/2-1/2"]
[WhiteElo "2205"]
[BlackElo "1950"]
[PlyCount "83"]
[EventDate "2021.10.11"]
[EventType "team-swiss"]
[EventRounds "7"]
[EventCountry "BEL"]
[SourceTitle "CBM 204 Extra"]
[Source "ChessBase"]
[SourceDate "2021.11.30"]
[SourceVersion "1"]
[SourceVersionDate "2021.11.30"]
[SourceQuality "1"]
[WhiteTeam "Germany"]
[BlackTeam "Italy"]
[WhiteTeamCountry "GER"]
[BlackTeamCountry "ITA"]

1. c4 f5 2. g3 Nf6 3. Bg2 d6 4. d4 e6 5. Nf3 Be7 6. 0-0 0-0 7. Nc3 Ne4 8. Qc2 Nxc3 9. Qxc3 a5 10. b3 Nc6 11. Bb2 Bf6 12. Rad1 Qe8 13. Qc1 e5 14. dxe5 dxe5 15. Ba3 Be7 16. Bxe7 Qxe7 17. Ne1 f4 18. e3 Qf6 19. Bd5+ Kh8 20. exf4 exf4 21. Qxf4 Qxf4 22. gxf4 Bg4 23. f3 Bh3 24. Ng2 a4 25. Rf2 axb3 26. axb3 Ne7 27. Re2 Nf5 28. Be4 Ra3 29. Bxf5 Bxf5 30. Rb2 g6 31. Kf2 Kg7 32. Ne3 Be6 33. Kg3 b5 34. cxb5 Rxb3 35. Rxb3 Bxb3 36. Rb1 Be6 37. b6 cxb6 38. Rxb6 Re8 39. Rb7+ Kf8 40. Ng4 Re7 41. Rxe7 Kxe7 42. Ne5 1/2-1/2

[Event "NATO-ch 29th"]
[Site "Lubbock"]
[Date "2018.06.07"]
[Round "5"]
[White "Nill, Oliver"]
[Black "Stankowski, Aleksander"]
[Result "1-0"]
[WhiteElo "2194"]
[BlackElo "1987"]
[PlyCount "83"]
[EventDate "2018.06.04"]
[EventType "swiss"]
[EventRounds "7"]
[EventCountry "USA"]
[SourceTitle "EXT 2019"]
[Source "ChessBase"]
[SourceDate "2018.10.10"]
[SourceVersion "1"]
[SourceVersionDate "2018.10.10"]
[SourceQuality "1"]

1. c4 Nf6 2. Nc3 g6 3. g3 Bg7 4. Bg2 d6 5. e4 0-0 6. Nge2 Nc6 7. 0-0 e5 8. d3 Nh5 9. f4 exf4 10. Nxf4 Nxf4 11. Bxf4 Nd4 12. Qd2 c6 13. Kh1 Bg4 14. h3 Be6 15. Rae1 Qd7 16. Kh2 Rfe8 17. b3 Rac8 18. Be3 Qc7 19. Ne2 Nxe2 20. Rxe2 d5 21. exd5 cxd5 22. cxd5 Bf5 23. Bf4 Qd7 24. Rxe8+ Rxe8 25. Re1 Rxe1 26. Qxe1 Bxd3 27. Qe3 Ba6 28. Qxa7 f6 29. Qb8+ Bf8 30. Bh6 Qd6 31. Qe8 Qe7 32. Qc8 Kf7 33. Bxf8 Qxf8 34. Qe6+ Kg7 35. d6 Qd8 36. a4 b6 37. d7 Kf8 38. Bd5 Kg7 39. Qe8 Qc7 40. d8Q Qc2+ 41. Bg2 Bf1 42. Qf8# 1-0

[Event "NATO-ch 26th"]
[Site "Amsterdam"]
[Date "2015.07.10"]
[Round "7.6"]
[White "Nill, Oliver"]
[Black "Mestek, Igor"]
[Result "1-0"]
[WhiteElo "2188"]
[BlackElo "2095"]
[PlyCount "113"]
[EventDate "2015.07.06"]
[EventType "swiss"]
[EventRounds "7"]
[EventCountry "NED"]
[SourceTitle "EXT 2016"]
[Source "ChessBase"]
[SourceDate "2015.10.08"]
[SourceVersion "1"]
[SourceVersionDate "2015.10.08"]
[SourceQuality "1"]
[WhiteTeam "Germany"]
[BlackTeam "Slovenia"]
[WhiteTeamCountry "GER"]
[BlackTeamCountry "SLO"]

1. c4 c5 2. g3 g6 3. Bg2 Bg7 4. Nc3 Nc6 5. Nf3 d6 6. 0-0 e5 7. a3 Nge7 8. Rb1 0-0 9. b4 f5 10. Ne1 Rb8 11. Nc2 Be6 12. Ne3 Qd7 13. Ned5 b6 14. d3 h6 15. Qa4 Kh7 16. Bd2 Rbe8 17. Nxe7 Nxe7 18. Qxd7 Bxd7 19. Nb5 Bxb5 20. cxb5 d5 21. bxc5 bxc5 22. Rfc1 Rc8 23. Rc2 e4 24. Rbc1 Bd4 25. dxe4 dxe4 26. e3 Be5 27. Rxc5 Bd6 28. Rxc8 Rxc8 29. Rxc8 Nxc8 30. Bc1 Nb6 31. f3 Nc4 32. a4 Bc5 33. Kf2 Nb6 34. fxe4 Nxa4 35. exf5 gxf5 36. Bd2 Kg6 37. Ke2 Bb6 38. e4 h5 39. exf5+ Kxf5 40. Bf3 Kg6 41. Bc6 Kf7 42. Kf3 Bc7 43. Be3 Nb6 44. Ke4 h4 45. gxh4 Bxh2 46. Kf5 Nc8 47. h5 Nd6+ 48. Kg5 Be5 49. Bxa7 Nxb5 50. Bxb5 Kg7 51. h6+ Kh7 52. Bd3+ Kg8 53. Kg6 Bc3 54. Bc5 Bb2 55. Bc4+ Kh8 56. Bf8 Bg7 57. hxg7# 1-0

[Event "NATO-ch 26th"]
[Site "Amsterdam"]
[Date "2015.07.08"]
[Round "4.5"]
[White "Michalski, Daniel"]
[Black "Nill, Oliver"]
[Result "1/2-1/2"]
[WhiteElo "2112"]
[BlackElo "2188"]
[PlyCount "81"]
[EventDate "2015.07.06"]
[EventType "swiss"]
[EventRounds "7"]
[EventCountry "NED"]
[SourceTitle "EXT 2016"]
[Source "ChessBase"]
[SourceDate "2015.10.08"]
[SourceVersion "1"]
[SourceVersionDate "2015.10.08"]
[SourceQuality "1"]
[WhiteTeam "NATO"]
[BlackTeam "Germany"]
[BlackTeamCountry "GER"]

1. d4 g6 2. c4 Bg7 3. Nc3 Nf6 4. e4 d6 5. Nf3 0-0 6. Be2 Nbd7 7. 0-0 e5 8. Re1 exd4 9. Nxd4 Re8 10. f3 Nc5 11. Rb1 Ne6 12. Be3 Nxd4 13. Bxd4 Nh5 14. Bf1 Bxd4+ 15. Qxd4 Be6 16. e5 dxe5 17. Qxe5 Bf5 18. Qxe8+ Qxe8 19. Rxe8+ Rxe8 20. Rd1 Nf6 21. g4 Be6 22. Kf2 h6 23. Nb5 c6 24. Nc7 Re7 25. Nxe6 Rxe6 26. b4 Re7 27. a4 Rd7 28. Rxd7 Nxd7 29. Ke3 Kf8 30. Kd4 Ke7 31. Bd3 Kd6 32. c5+ Ke6 33. f4 Ke7 34. b5 Ke6 35. Be4 Nb8 36. f5+ Kf6 37. h4 g5 38. h5 Ke7 39. Bf3 f6 40. Kc4 Kd7 41. Be2 1/2-1/2

[Event "NATO-ch 25th"]
[Site "Quebec"]
[Date "2014.09.12"]
[Round "7"]
[White "Hansen, Stefan"]
[Black "Nill, Oliver"]
[Result "0-1"]
[WhiteElo "2102"]
[BlackElo "2188"]
[PlyCount "58"]
[EventDate "2014.09.08"]
[EventType "team-swiss"]
[EventRounds "7"]
[EventCountry "CAN"]
[SourceTitle "EXT 2015"]
[Source "ChessBase"]
[SourceDate "2014.11.20"]
[SourceVersion "1"]
[SourceVersionDate "2014.11.20"]
[SourceQuality "1"]
[WhiteTeam "Denmark"]
[BlackTeam "Germany"]
[WhiteTeamCountry "DEN"]
[BlackTeamCountry "GER"]

1. d4 g6 2. c4 Bg7 3. Nc3 Nf6 4. e4 d6 5. f3 0-0 6. Be3 c5 7. Nge2 Nc6 8. d5 Ne5 9. Ng3 e6 10. Be2 exd5 11. cxd5 a6 12. a4 Qa5 13. 0-0 Bd7 14. Qd2 Rfe8 15. Nh1 Qb4 16. a5 b6 17. axb6 Qxb6 18. b4 Qxb4 19. Rfb1 Nc4 20. Qc1 Nxe3 21. Rxb4 cxb4 22. Rxa6 Rxa6 23. Bxa6 bxc3 24. Qxc3 Nxe4 25. Qxe3 Nc5 26. Qa3 Ra8 27. Ng3 Rxa6 28. Qb4 Ra1+ 29. Nf1 Bb5 0-1

[Event "NATO-ch 23nd"]
[Site "Brest"]
[Date "2012.10.04"]
[Round "6"]
[White "Nill, Oliver"]
[Black "Guidez, Yann Michael"]
[Result "0-1"]
[WhiteElo "2193"]
[BlackElo "2262"]
[PlyCount "78"]
[EventDate "2012.10.01"]
[EventType "swiss"]
[EventRounds "7"]
[EventCountry "FRA"]
[SourceTitle "CBM 150 Extra"]
[Source "ChessBase"]
[SourceDate "2012.10.19"]
[SourceVersion "1"]
[SourceVersionDate "2012.10.19"]
[SourceQuality "1"]

1. c4 e5 2. Nc3 Nf6 3. g3 d5 4. cxd5 Nxd5 5. Bg2 Nb6 6. Nf3 Nc6 7. 0-0 Be7 8. a3 0-0 9. b4 Be6 10. d3 a5 11. b5 Nd4 12. Rb1 a4 13. e3 Bb3 14. Qd2 Nxf3+ 15. Bxf3 c6 16. bxc6 bxc6 17. Bd1 Be6 18. Qb2 Ra6 19. Qe2 Qa8 20. f4 exf4 21. exf4 Re8 22. Qf2 Nd5 23. Ne4 Bf5 24. Bf3 Qc8 25. Qc2 Qd7 26. Nf2 Be6 27. Re1 Nf6 28. Bb2 Bf8 29. Rbc1 Bb3 30. Qd2 Nd5 31. Rxe8 Qxe8 32. Re1 Qd8 33. Qe2 Ra7 34. Qe8 Rd7 35. Qe5 Re7 36. Ng4 Rxe5 37. Nxe5 Ne7 38. Be4 Bd5 39. Bxd5 Qxd5 0-1

[Event "NATO-ch 23nd"]
[Site "Brest"]
[Date "2012.10.04"]
[Round "5"]
[White "Onley, David E"]
[Black "Nill, Oliver"]
[Result "1-0"]
[WhiteElo "2107"]
[BlackElo "2193"]
[PlyCount "94"]
[EventDate "2012.10.01"]
[EventType "swiss"]
[EventRounds "7"]
[EventCountry "FRA"]
[SourceTitle "CBM 150 Extra"]
[Source "ChessBase"]
[SourceDate "2012.10.19"]
[SourceVersion "1"]
[SourceVersionDate "2012.10.19"]
[SourceQuality "1"]

1. e4 g6 2. d4 Bg7 3. Nc3 d6 4. Be3 a6 5. Qd2 b5 6. f3 Nd7 7. Nh3 Bb7 8. Nf2 c5 9. dxc5 Nxc5 10. Nd3 Nxd3+ 11. Bxd3 Rc8 12. Qf2 Nf6 13. Bb6 Qd7 14. 0-0 0-0 15. a4 b4 16. Nd1 d5 17. e5 Nh5 18. Qe3 Qe6 19. Bd4 f6 20. g4 Nf4 21. Qxf4 fxe5 22. Qe3 Qd6 23. Re1 exd4 24. Qxe7 Qc6 25. Re6 Rfe8 26. Rxc6 Rxe7 27. Rb6 a5 28. Nf2 Bh6 29. Kf1 Rf8 30. Kg2 Ref7 31. Nh3 Be3 32. Rf1 g5 33. Rb5 Ra8 34. b3 Kg7 35. Ng1 Ra7 36. Rb6 Rf6 37. Rxf6 Kxf6 38. Ne2 Ba6 39. Rd1 Bxd3 40. Rxd3 Ke5 41. Kf1 Rc7 42. Ke1 Rxc2 43. Kd1 Rb2 44. Ng3 Kf4 45. Nf5 Kxf3 46. Nxe3 dxe3 47. Kc1 Ke4 1-0

[Event "NATO-ch 23nd"]
[Site "Brest"]
[Date "2012.10.03"]
[Round "4"]
[White "Nill, Oliver"]
[Black "Alaslar, Devrim"]
[Result "1/2-1/2"]
[WhiteElo "2193"]
[BlackElo "2153"]
[PlyCount "23"]
[EventDate "2012.10.01"]
[EventType "swiss"]
[EventRounds "7"]
[EventCountry "FRA"]
[SourceTitle "CBM 150 Extra"]
[Source "ChessBase"]
[SourceDate "2012.10.19"]
[SourceVersion "1"]
[SourceVersionDate "2012.10.19"]
[SourceQuality "1"]

1. c4 Nf6 2. Nc3 c6 3. Nf3 d5 4. cxd5 cxd5 5. d4 Nc6 6. e3 Bf5 7. Be2 e6 8. 0-0 Bd6 9. a3 0-0 10. Nh4 Bg6 11. Nxg6 hxg6 12. b4 1/2-1/2

[Event "NATO-ch 23nd"]
[Site "Brest"]
[Date "2012.10.02"]
[Round "2"]
[White "Nill, Oliver"]
[Black "Soulie, Cedric"]
[Result "1-0"]
[WhiteElo "2193"]
[BlackElo "2073"]
[PlyCount "83"]
[EventDate "2012.10.01"]
[EventType "swiss"]
[EventRounds "7"]
[EventCountry "FRA"]
[SourceTitle "CBM 150 Extra"]
[Source "ChessBase"]
[SourceDate "2012.10.19"]
[SourceVersion "1"]
[SourceVersionDate "2012.10.19"]
[SourceQuality "1"]

1. c4 c5 2. Nc3 Nc6 3. g3 g6 4. Bg2 Bg7 5. Nf3 Nf6 6. 0-0 0-0 7. d4 cxd4 8. Nxd4 Qa5 9. Nc2 d6 10. Ne3 Qh5 11. Ned5 Bh3 12. Nf4 Qc5 13. Nxh3 Qxc4 14. Qa4 Qxa4 15. Nxa4 d5 16. Bg5 Rfd8 17. Rfd1 e6 18. e3 h6 19. Bxf6 Bxf6 20. Nf4 Rac8 21. e4 d4 22. Nd3 Ne5 23. Nxe5 Bxe5 24. Bf1 a6 25. Nb6 Rc6 26. Nc4 Bf6 27. Bd3 e5 28. Na5 Rc7 29. Rac1 Rdc8 30. Nb3 Bg5 31. Rxc7 Rxc7 32. h4 Be7 33. Rc1 Rxc1+ 34. Nxc1 g5 35. hxg5 hxg5 36. Bc4 Kg7 37. Nd3 Bd6 38. b4 Kg6 39. g4 Kf6 40. a4 Ke7 41. a5 f6 42. Bd5 1-0

[Event "NATO-ch 23nd"]
[Site "Brest"]
[Date "2012.10.01"]
[Round "1"]
[White "Baxted, Peter"]
[Black "Nill, Oliver"]
[Result "0-1"]
[WhiteElo "2003"]
[BlackElo "2193"]
[PlyCount "58"]
[EventDate "2012.10.01"]
[EventType "swiss"]
[EventRounds "7"]
[EventCountry "FRA"]
[SourceTitle "CBM 150 Extra"]
[Source "ChessBase"]
[SourceDate "2012.10.19"]
[SourceVersion "1"]
[SourceVersionDate "2012.10.19"]
[SourceQuality "1"]

1. d4 g6 2. c4 Bg7 3. Nc3 d6 4. Nf3 Nf6 5. Bf4 0-0 6. e3 Nbd7 7. h3 Re8 8. Be2 a6 9. 0-0 e6 10. Rc1 Qe7 11. b4 e5 12. Bh2 e4 13. Nd2 Nf8 14. c5 d5 15. Qb3 Be6 16. b5 a5 17. Na4 h5 18. Qc3 g5 19. Nb3 g4 20. hxg4 Nxg4 21. b6 Nxh2 22. Kxh2 Qh4+ 23. Kg1 c6 24. Qe1 Qg5 25. f4 exf3 26. Rxf3 Bg4 27. Rg3 Rxe3 28. Qf2 Rxb3 29. Rf1 Bxd4 0-1

[Event "NATO-ch 22nd"]
[Site "Kaunas"]
[Date "2011.08.12"]
[Round "7"]
[White "Kedzierski, Slawomir"]
[Black "Nill, Oliver"]
[Result "1/2-1/2"]
[WhiteElo "2082"]
[BlackElo "2198"]
[PlyCount "134"]
[EventDate "2011.08.08"]
[EventType "swiss"]
[EventRounds "7"]
[EventCountry "LTU"]
[SourceTitle "CBM 143 Extra"]
[Source "ChessBase"]
[SourceDate "2011.08.29"]
[SourceVersion "1"]
[SourceVersionDate "2011.08.29"]
[SourceQuality "1"]

1. d4 g6 2. c4 Bg7 3. Nc3 d6 4. e4 Nf6 5. f3 0-0 6. Be3 c5 7. dxc5 dxc5 8. Qxd8 Rxd8 9. Bxc5 Nc6 10. Ba3 Nd7 11. Nge2 Nde5 12. Nf4 b6 13. Kf2 Ba6 14. Nb5 Rd2+ 15. Ke1 Rd7 16. Rd1 Rxd1+ 17. Kxd1 Rd8+ 18. Ke1 Bh6 19. Nd5 e6 20. Ndc3 Bd2+ 21. Kf2 Bxc3 22. Nxc3 Bxc4 23. Be2 Bxe2 24. Nxe2 Nc4 25. Rc1 N6e5 26. Rc3 Rd2 27. g4 Nd3+ 28. Kg3 Nxa3 29. Rxa3 Rxe2 30. Rxd3 Rxb2 31. a3 a5 32. h4 a4 33. Rd6 Rb3 34. e5 Kf8 35. g5 Kg7 36. Kg4 h5+ 37. Kg3 Rb5 38. Kf4 Rb3 39. Kg3 Rxa3 40. Rxb6 Re3 41. Ra6 Ra3 42. Ra8 Ra2 43. Kf4 a3 44. Kg3 Ra1 45. Kh2 a2 46. Kg2 Kh7 47. Ra7 Kg8 48. Ra8+ Kg7 49. Kh2 Rf1 50. Rxa2 Rxf3 51. Ra5 Rf5 52. Rc5 Kf8 53. Kg3 Ke8 54. Kg2 Kd8 55. Kg3 Kd7 56. Kg2 Rf4 57. Kg3 Rg4+ 58. Kh3 Rd4 59. Ra5 Kc6 60. Kg3 Rd5 61. Ra7 Rd7 62. Ra5 Rd1 63. Kg2 Rd4 64. Kg3 Rg4+ 65. Kh3 Rf4 66. Kg3 Rf5 67. Kh3 Kb6 1/2-1/2

[Event "NATO-ch 22nd"]
[Site "Kaunas"]
[Date "2011.08.11"]
[Round "6"]
[White "Nill, Oliver"]
[Black "Nielsen, Rene O"]
[Result "1/2-1/2"]
[WhiteElo "2198"]
[BlackElo "2149"]
[PlyCount "40"]
[EventDate "2011.08.08"]
[EventType "swiss"]
[EventRounds "7"]
[EventCountry "LTU"]
[SourceTitle "CBM 143 Extra"]
[Source "ChessBase"]
[SourceDate "2011.08.29"]
[SourceVersion "1"]
[SourceVersionDate "2011.08.29"]
[SourceQuality "1"]

1. c4 e5 2. Nc3 Nc6 3. g3 g6 4. Bg2 Bg7 5. e4 d6 6. Nge2 f5 7. d3 Nf6 8. Nd5 Nxd5 9. cxd5 Ne7 10. 0-0 0-0 11. Qb3 h6 12. Be3 Kh7 13. Rac1 c6 14. exf5 Bxf5 15. d4 cxd5 16. Qxb7 Rb8 17. Qxa7 Ra8 18. Qb7 Rb8 19. Qa7 Ra8 20. Qb7 Rb8 1/2-1/2

[Event "NATO-ch 22nd"]
[Site "Kaunas"]
[Date "2011.08.09"]
[Round "3"]
[White "Sari, Serdar"]
[Black "Nill, Oliver"]
[Result "1/2-1/2"]
[WhiteElo "2032"]
[BlackElo "2198"]
[PlyCount "141"]
[EventDate "2011.08.08"]
[EventType "swiss"]
[EventRounds "7"]
[EventCountry "LTU"]
[SourceTitle "CBM 143 Extra"]
[Source "ChessBase"]
[SourceDate "2011.08.29"]
[SourceVersion "1"]
[SourceVersionDate "2011.08.29"]
[SourceQuality "1"]

1. d4 g6 2. e4 Bg7 3. Be3 d6 4. Be2 Nf6 5. Nc3 c6 6. a4 0-0 7. g4 e5 8. dxe5 dxe5 9. g5 Qxd1+ 10. Rxd1 Nfd7 11. Nf3 Re8 12. Nd2 Nf8 13. Nc4 Bh3 14. Rg1 Be6 15. Nd6 Re7 16. Bc5 b6 17. Nf5 Rd7 18. Ne7+ Kh8 19. Bd6 f6 20. h4 Bf7 21. Bg4 Be6 22. gxf6 Bxf6 23. Nxg6+ hxg6 24. Bxf8 Bxg4 25. Rxg4 Rxd1+ 26. Nxd1 Kh7 27. Ne3 Nd7 28. Bd6 Re8 29. Rg1 Re6 30. Ba3 c5 31. b3 Nb8 32. Bc1 Nc6 33. c3 Na5 34. b4 cxb4 35. cxb4 Nb3 36. Kd1 Rd6+ 37. Nd5 Nxc1 38. Kxc1 Bxh4 39. Rh1 g5 40. b5 Kg6 41. f3 Rd8 42. Kd2 Bf2 43. Rc1 Bc5 44. Rh1 Rf8 45. Rh3 Rd8 46. Kd3 Rf8 47. Kc4 Rf7 48. a5 Rf8 49. axb6 axb6 50. Nc7 Rc8 51. Ne6 Be7+ 52. Kd5 Bf6 53. Kd6 Rc3 54. Nf8+ Kf7 55. Nd7 Rd3+ 56. Kc6 g4 57. Rh7+ Kg6 58. Nf8+ Kg5 59. fxg4 Bd8 60. Ne6+ Kxg4 61. Nxd8 Rxd8 62. Kxb6 Rd4 63. Kc5 Rxe4 64. b6 Re1 65. b7 Rb1 66. Kd5 Rb5+ 67. Ke4 Kg5 68. Rc7 Kf6 69. Rc6+ Ke7 70. b8Q Rxb8 71. Kxe5 1/2-1/2

[Event "NATO-ch 22nd"]
[Site "Kaunas"]
[Date "2011.08.08"]
[Round "1"]
[White "Adkins, James D"]
[Black "Nill, Oliver"]
[Result "1/2-1/2"]
[WhiteElo "2016"]
[BlackElo "2198"]
[PlyCount "35"]
[EventDate "2011.08.08"]
[EventType "swiss"]
[EventRounds "7"]
[EventCountry "LTU"]
[SourceTitle "CBM 143 Extra"]
[Source "ChessBase"]
[SourceDate "2011.08.29"]
[SourceVersion "1"]
[SourceVersionDate "2011.08.29"]
[SourceQuality "1"]

1. f4 Nf6 2. b3 g6 3. Bb2 Bg7 4. Nf3 c5 5. e3 Nc6 6. Be2 a6 7. 0-0 b5 8. Ne5 Bb7 9. Bf3 Rc8 10. Nxc6 Bxc6 11. Bxc6 Rxc6 12. a4 0-0 13. axb5 axb5 14. Qe2 Qb6 15. Na3 Rb8 16. Rfb1 Nd5 17. Bxg7 Kxg7 18. c4 1/2-1/2

[Event "NATO-ch 19th"]
[Site "Brussels"]
[Date "2008.08.07"]
[Round "5"]
[White "Picart, Laurent"]
[Black "Nill, Oliver"]
[Result "1/2-1/2"]
[WhiteElo "2114"]
[BlackElo "2199"]
[PlyCount "46"]
[EventDate "2008.08.04"]
[EventType "swiss"]
[EventRounds "7"]
[EventCountry "BEL"]
[SourceTitle "EXT 2015"]
[Source "ChessBase"]
[SourceDate "2014.11.20"]
[SourceVersion "1"]
[SourceVersionDate "2014.11.20"]
[SourceQuality "1"]

1. d4 g6 2. c4 Bg7 3. e4 d6 4. Nc3 Nf6 5. Nge2 0-0 6. Ng3 e5 7. d5 h5 8. Bg5 Qe8 9. Be2 Nh7 10. Be3 h4 11. Nf1 a5 12. Qd2 Na6 13. g4 f6 14. f3 b6 15. Bf2 h3 16. Be3 Nc5 17. Ng3 Qe7 18. Bd1 f5 19. gxf5 gxf5 20. exf5 Bxf5 21. Nce4 Qh4 22. Bc2 Bxe4 23. Bxe4 Nf6 1/2-1/2

[Event "NATO-ch 19th"]
[Site "Brussels"]
[Date "2008.08.07"]
[Round "6"]
[White "Wagenaar, Harm Theo"]
[Black "Nill, Oliver"]
[Result "1/2-1/2"]
[WhiteElo "2104"]
[BlackElo "2199"]
[PlyCount "81"]
[EventDate "2008.08.04"]
[EventType "swiss"]
[EventRounds "7"]
[EventCountry "BEL"]
[SourceTitle "EXT 2015"]
[Source "ChessBase"]
[SourceDate "2014.11.20"]
[SourceVersion "1"]
[SourceVersionDate "2014.11.20"]
[SourceQuality "1"]

1. c4 g6 2. g3 Bg7 3. Bg2 d6 4. Nc3 Nf6 5. e4 c5 6. Nge2 Nc6 7. d3 0-0 8. 0-0 a6 9. a4 Rb8 10. Rb1 Ne8 11. Be3 Nc7 12. d4 cxd4 13. Nxd4 Ne6 14. Nde2 Ne5 15. b3 Bd7 16. h3 Bc6 17. Ba7 Rc8 18. Be3 Re8 19. f4 Nd7 20. b4 b6 21. Nd5 Ba8 22. Qb3 a5 23. f5 Nef8 24. Rbd1 e6 25. f6 exd5 26. fxg7 Ne6 27. cxd5 Nxg7 28. Bd4 axb4 29. Qxb4 Nc5 30. Nc3 Rb8 31. Bf6 Qd7 32. Kh2 Nh5 33. Bd4 Ng7 34. Rfe1 f5 35. e5 dxe5 36. Bxe5 Rbd8 37. Qc4 h5 38. h4 Kh7 39. Kg1 Bb7 40. Kh2 Ba6 41. Qd4 1/2-1/2

[Event "NATO-ch 19th"]
[Site "Brussels"]
[Date "2008.08.06"]
[Round "4"]
[White "Nill, Oliver"]
[Black "Hole, Oystein"]
[Result "0-1"]
[WhiteElo "2199"]
[BlackElo "2390"]
[PlyCount "66"]
[EventDate "2008.08.04"]
[EventType "swiss"]
[EventRounds "7"]
[EventCountry "BEL"]
[SourceTitle "EXT 2015"]
[Source "ChessBase"]
[SourceDate "2014.11.20"]
[SourceVersion "1"]
[SourceVersionDate "2014.11.20"]
[SourceQuality "1"]

1. c4 c6 2. Nc3 d5 3. cxd5 cxd5 4. d4 Nf6 5. Bf4 Nc6 6. Nf3 e6 7. e3 Be7 8. h3 0-0 9. Bd3 a6 10. a3 b5 11. 0-0 Na5 12. b4 Nc4 13. Qb3 Bd7 14. Rfd1 Qb6 15. Ne5 Rfc8 16. Be2 Be8 17. Nd3 a5 18. Nc5 axb4 19. axb4 Bc6 20. Bd3 Ra7 21. Rxa7 Qxa7 22. g4 Ra8 23. Kg2 Qa3 24. Qxa3 Rxa3 25. Nb1 Ra7 26. Kf1 Nd7 27. Bxc4 dxc4 28. Nc3 g5 29. Bg3 Nxc5 30. bxc5 b4 31. d5 exd5 32. Nxd5 Bxd5 33. Rxd5 c3 0-1

[Event "NATO-ch 19th"]
[Site "Brussels"]
[Date "2008.08.04"]
[Round "1"]
[White "Nill, Oliver"]
[Black "Patron, Pascal"]
[Result "1-0"]
[WhiteElo "2199"]
[BlackElo "2002"]
[PlyCount "61"]
[EventDate "2008.08.04"]
[EventType "swiss"]
[EventRounds "7"]
[EventCountry "BEL"]
[SourceTitle "EXT 2015"]
[Source "ChessBase"]
[SourceDate "2014.11.20"]
[SourceVersion "1"]
[SourceVersionDate "2014.11.20"]
[SourceQuality "1"]

1. c4 g6 2. Nc3 Bg7 3. g3 f5 4. Bg2 e5 5. d3 c6 6. e4 d6 7. Nge2 Nf6 8. 0-0 0-0 9. h3 Kh8 10. Be3 Be6 11. exf5 Bxf5 12. d4 Nbd7 13. Qd2 Be6 14. d5 cxd5 15. Nxd5 Nxd5 16. cxd5 Bg8 17. Qb4 Nb6 18. Nc3 Rc8 19. Bxb6 axb6 20. Na4 Rc2 21. Be4 Rc7 22. Nxb6 Rcf7 23. Nc4 Qd7 24. Kg2 Rf6 25. a4 Bh6 26. Ra3 Qf7 27. f3 Rc8 28. Rb3 Qc7 29. Na5 Rf7 30. Rc3 Qd8 31. Nxb7 1-0

[Event "NATO-ch 15th"]
[Site "The Hague"]
[Date "2004.08.12"]
[Round "5"]
[White "Nill, Oliver"]
[Black "Marek, Mariusz"]
[Result "0-1"]
[WhiteElo "2212"]
[BlackElo "2155"]
[PlyCount "78"]
[EventDate "2004.08.08"]
[EventType "swiss"]
[EventRounds "7"]
[EventCountry "NED"]
[SourceTitle "CBM 101 Extra"]
[Source "ChessBase"]
[SourceDate "2004.09.01"]
[SourceVersion "2"]
[SourceVersionDate "2004.09.01"]
[SourceQuality "1"]

1. c4 f5 2. Nc3 g6 3. g3 Nf6 4. Bg2 Bg7 5. Nf3 0-0 6. 0-0 d6 7. d4 Nc6 8. Rb1 e5 9. d5 Ne7 10. b4 h6 11. Qb3 g5 12. c5 Ng6 13. Nd2 Qe7 14. Ba3 e4 15. Nc4 Ne8 16. cxd6 cxd6 17. b5 Ne5 18. Nxe5 Bxe5 19. Bb2 Nf6 20. f3 exf3 21. exf3 f4 22. gxf4 Bxf4 23. Ne4 Nd7 24. Bh3 Nc5 25. Nxc5 Qe2 26. Bg2 Bh3 27. Rf2 Be3 28. Ne4 Rxf3 29. Qxe3 Qxe3 30. Bxf3 Bf5 31. Nf6+ Kf7 32. Rc1 Rc8 33. Rxc8 Bxc8 34. Bg2 Ke7 35. Bf1 g4 36. Kg2 Kd8 37. Kg1 g3 38. hxg3 Qxg3+ 39. Rg2 Qe3+ 0-1